Star ware : The amateur astronomer’s guide to choosing, buying, and using telescopes and accessories

In this revised and updated Fourth Edition of the essential guide to comparing and selecting sky-watching equipment, award-winning astronomy writer Philip Harrington takes you telescope shopping the easy way. He analyzes and explains today's astronomy market and compares brands and models point...

Popoln opis

Shranjeno v:
Bibliografske podrobnosti
Glavni avtor: Harrington, Philip S.
Format: Knjiga
Jezik:Undetermined
Izdano: Hoboken, N.J. John Wiley 2007
Teme:
Oznake: Označite
Brez oznak, prvi označite!
Thư viện lưu trữ: Trung tâm Học liệu Trường Đại học Cần Thơ
LEADER 01132nam a2200229Ia 4500
001 CTU_165881
008 210402s9999 xx 000 0 und d
020 |c 14.78 
082 |a 522.2 
082 |b H299 
100 |a Harrington, Philip S. 
245 0 |a Star ware : 
245 4 |b The amateur astronomer’s guide to choosing, buying, and using telescopes and accessories 
245 0 |c Philip S. Harrington 
260 |a Hoboken, N.J. 
260 |b John Wiley 
260 |c 2007 
520 |a In this revised and updated Fourth Edition of the essential guide to comparing and selecting sky-watching equipment, award-winning astronomy writer Philip Harrington takes you telescope shopping the easy way. He analyzes and explains today's astronomy market and compares brands and models point by point. Star Ware gives you the confidence you need to buy the telescope and accessories that are right for you and the knowledge to get the most out of your new purchase 
650 |a Telescopes,Kính thiên văn 
650 |x Purchasing,Mua 
904 |i Trọng Hải 
980 |a Trung tâm Học liệu Trường Đại học Cần Thơ